000 00569nam a2200229 a 4500
001 0001-1412
003 ELIB.Books
008 160805 2010 eng
020 _aKBTS
035 _a(ELIB.Books)0001-1567
092 _a808.4
_bTan
100 _aTanizaki, Junichiro.
245 _aIn Praise of Shadows
260 _aTokyo
_bCharles E.Tuttle Co.: Publishers
_c1988
300 _a48
_c18
650 _aPhetoric of Essays
856 _nKBTS Library
_uKBTS: ELIB
942 _2ddc
_cBK
990 _a1
998 _cbat
_e2016-08-05
999 _c11412
_d11412